Arbitration and Conciliation Act (Record no. 249517)

MARC details
000 -LEADER
fixed length control field 00447nam a22001697a 4500
008 - FIXED-LENGTH DATA ELEMENTS--GENERAL INFORMATION
fixed length control field 260509b |||||||| |||| 00| 0 eng d
020 ## - INTERNATIONAL STANDARD BOOK NUMBER
International Standard Book Number 9788198650672
082 ## - DEWEY DECIMAL CLASSIFICATION NUMBER
Classification number 347.09
100 ## - MAIN ENTRY--PERSONAL NAME
Personal name Bhandari M C
245 ## - TITLE STATEMENT
Title Arbitration and Conciliation Act
Remainder of title including Mediation LAw
Statement of responsibility, etc Bhandari M C
250 ## - EDITION STATEMENT
Edition statement 2nd
260 ## - PUBLICATION, DISTRIBUTION, ETC. (IMPRINT)
Place of publication, distribution, etc New Delhi
Name of publisher, distributor, etc Whutees & Co
Date of publication, distribution, etc 2025
650 ## - SUBJECT ADDED ENTRY--TOPICAL TERM
Form subdivision Law
General subdivision Arbitration
942 ## - ADDED ENTRY ELEMENTS (KOHA)
Item type Books
Holdings
Withdrawn status Lost status Damaged status Permanent location Current location Shelving location Date acquired Source of acquisition Cost, normal purchase price Full call number Barcode Date last seen Koha item type
      CENTRAL LIBRARY, NOORUL ISLAM CENTRE FOR HIGHER EDUCATION CENTRAL LIBRARY, NOORUL ISLAM CENTRE FOR HIGHER EDUCATION Law 05/09/2026 Sukumar Book Stall, Trivandrum 980.00 347.09 R5 LA010 05/09/2026 Books
Visitors:
Copyright © 2024 Central Library NICHE.  All rights reserved.